Ázijské pravidlá rybolovu

Bibliographic Details
Main Author: Kollár, Peter (fot)
Format: Article
Language:Slovak
PhysicalDescription:Fotogr.
ISSN:1335-6909
Subjects:

MARC

LEADER 00000nab a2200000 a 4500
001 vtls000802152
003 SK-MaSNL
005 20260303072617.0
008 180206c2002 xo 0 slo
015 |a SNBRB2002/09-27353 
035 |a CLN000153807 
040 |a SNKBUCL  |b slo  |c SNKBUCL  |e AACR2 
041 0 |a slo 
044 |a xo  |c SK 
080 |a 799.1(470.1)  |2 UDC-MRF-SK2 
080 |a 908.470.1  |2 UDC-MRF-SK2 
100 1 |a Kollár, Peter  |4 fot  |9 295990 
245 1 0 |a Ázijské pravidlá rybolovu  |c text a foto Peter Kollár 
300 |b Fotogr. 
650 0 7 |a ryby  |x rybolov  |z Kamčatka (Rusko)  |2 snkbucl  |9 1073161 
650 0 7 |a rybolov športový  |z Kamčatka (Rusko)  |2 snkbucl  |9 1073162 
651 7 |a Kamčatka (polostrov)  |2 snkbucl  |9 54718 
655 7 |a články z novín a časopisov  |2 snkbucl  |9 267496 
773 0 |x 1335-6909  |t Kormorán  |g Roč. 4, č. 9 (2002), s. 16-17 
850 |a Slovenská národná knižnica v Martine 
852 |a SNK  |b KIS3GCP 
958 |a RBX 
999 |c 1764049  |d 1765979